| Tag |
First Indicator |
Second Indicator |
Subfields |
| LEADER |
00000cam a2200000 a 4500 |
| 001 |
in00003736713 |
| 005 |
20170926152357.0 |
| 007 |
co cgu|||||||| |
| 008 |
060223s2006 iluab b 001 0 eng d |
| 010 |
|
|
|a 2006281898
|
| 019 |
|
|
|a 147343878
|
| 020 |
|
|
|a 0252073460
|
| 020 |
|
|
|a 9780252073465
|
| 024 |
3 |
|
|a 9780252073465
|q (pbk.)
|
| 035 |
|
|
|a (OCoLC)ocm64231927
|
| 035 |
|
|
|a (OCoLC)64231927
|z (OCoLC)147343878
|
| 040 |
|
|
|a NOC
|b eng
|c NOC
|d BAKER
|d OCLCQ
|d DLC
|d YDXCP
|d MUQ
|d BTCTA
|d TEU
|d T2#
|d BDX
|d OCLCF
|d OCLCO
|d EYP
|d OCLCO
|d OCLCQ
|d TXA
|d UtOrBLW
|
| 043 |
|
|
|a n-us---
|
| 049 |
|
|
|a TXAM
|
| 050 |
0 |
0 |
|a HT167
|b .U7262 2006
|
| 082 |
0 |
4 |
|a 307.12160973
|2 22
|
| 245 |
0 |
0 |
|a Hypothetical city workbook III :
|b exercises and GIS data to accompany Urban land use planning, fifth edition /
|c Ann-Margaret Esnard [and others].
|
| 264 |
|
1 |
|a Urbana and Chicago :
|b University of Illinois Press,
|c [2006]
|
| 264 |
|
4 |
|c ©2006
|
| 300 |
|
|
|a ix, 122 pages :
|b illustrations, maps ;
|c 28 cm +
|e 1 CD-ROM (4 3/4 in.)
|
| 336 |
|
|
|a text
|b txt
|2 rdacontent
|
| 337 |
|
|
|a unmediated
|b n
|2 rdamedia
|
| 338 |
|
|
|a volume
|b nc
|2 rdacarrier
|
| 500 |
|
|
|a The main software package required to use several exercises in the workbook is ArcGIS (version 9.1 and higher). The GIS data files provided with the workbook can be used with ArcView (version 2.1 and higher).
|
| 538 |
|
|
|a System requirements for accompanying CD-ROM containing spreadsheets and GIS data sets and spreadsheets: Microsoft Windows 3.1, Windows NT 4.0 and higher; 5.4 MB of disk space.
|
| 504 |
|
|
|a Includes bibliographical references and index.
|
| 505 |
8 |
|
|a CD-ROM contents: Spreadsheets -- GIS data sets and spreadsheets.
|
| 650 |
|
0 |
|a City planning
|z United States.
|0 http://id.loc.gov/authorities/subjects/sh2008100810
|
| 650 |
|
0 |
|a Regional planning
|z United States.
|0 http://id.loc.gov/authorities/subjects/sh2008110641
|
| 650 |
|
0 |
|a Land use, Urban
|z United States.
|0 http://id.loc.gov/authorities/subjects/sh2008106606
|
| 650 |
|
6 |
|a Urbanisme
|z États-Unis.
|
| 650 |
|
6 |
|a Aménagement du territoire
|z États-Unis.
|
| 650 |
|
6 |
|a Sol, Utilisation urbaine du
|z États-Unis.
|
| 650 |
|
6 |
|a Sol, Utilisation du
|x Planification
|v Problèmes et exercices.
|
| 650 |
|
7 |
|a City planning.
|2 fast
|0 (OCoLC)fst00862177
|
| 650 |
|
7 |
|a Land use, Urban.
|2 fast
|0 (OCoLC)fst00991631
|
| 650 |
|
7 |
|a Regional planning.
|2 fast
|0 (OCoLC)fst01093120
|
| 651 |
|
7 |
|a United States.
|2 fast
|0 (OCoLC)fst01204155
|
| 700 |
1 |
|
|a Esnard, Ann-Margaret.
|0 http://id.loc.gov/authorities/names/no2003004403
|
| 700 |
1 |
|
|a Berke, Philip,
|d 1951-
|t Urban land use planning.
|
| 994 |
|
|
|a C0
|b TXA
|
| 948 |
|
|
|a cataloged
|b h
|c 2017/2/1
|d c
|e jlanham
|f 9:58:40 am
|
| 999 |
f |
f |
|s 4193e153-4168-3af4-ab48-2a0c1660b68b
|i 6711154f-4050-3603-baf7-2550f35969b6
|t 0
|
| 952 |
f |
f |
|p normal
|a Texas A&M University
|b College Station
|c Sterling C. Evans Library
|d Evans: Library Stacks
|t 0
|e HT167 .U7262 2006
|h Library of Congress classification
|i unmediated -- volume
|m A14850231144
|
| 998 |
f |
f |
|a HT167 .U7262 2006
|t 0
|l Evans: Library Stacks
|